| 000 | 00592nam a2200181 a 4500 | ||
|---|---|---|---|
| 001 | 000028473 | ||
| 005 | 20200930054949.0 | ||
| 008 | 110408s2010 dr c 000 p spa d | ||
| 040 |
_aDO-SdBNP _bspa _cBNPHU |
||
| 082 |
_axxxx _bP438 |
||
| 100 | 1 |
_aPérez-Incháustegui, Josefina _955372 |
|
| 245 | 1 | 0 |
_aSeparata y más : _bpoemas / _cJosefina Pérez-Incháustegui. |
| 260 |
_aSanto Domingo : _bEditora Universitaria, _c2010. |
||
| 300 |
_a59 p. : _bretrs. ; _c15 p. |
||
| 490 | 1 |
_aEducación y sociedad _vno. 76, v. 1470 |
|
| 830 | 0 |
_aEducación y sociedad _nno. 76 _v1470 _955428 |
|
| 049 | _aBNPD | ||
| 999 |
_c27965 _d27965 |
||